[Event "IV Jugando con las Estrellas 2019"]
[Site "Santa Cruz de la Palma"]
[Date "2019.08.11"]
[Round "4.9"]
[White "Lemos, Damian"]
[Black "Hernandez Leon, Alberto"]
[Result "1/2-1/2"]
[WhiteElo "2487"]
[BlackElo "2289"]
[Annotator "TA"]
[PlyCount "71"]
[EventDate "2019.08.09"]
[EventType "swiss"]
[EventCountry "ESP"]
[SourceTitle "playchess.com"]
[Source "ChessBase"]
[SourceQuality "1"]

{[%evp 13,71,-2,0,0,8,11,7,0,0,0,0,0,0,12,54,35,31,38,51,54,87,77,128,126,114,104,118,112,143,139,199,178,275,261,295,287,303,300,289,0,315,318,297,301,325,276,350,350,350,350,350,350,356,317,395,390,377,327,583,541]} 1. Nf3 Nf6 2. d4 d5 3. Bf4 e6 4. e3 c5 5. c3 Nc6 6. Nbd2 Bd6 7. Bg3 O-O 8. Bb5 {D02: 1 d4 d5 2 Nf3 sidelines, including 2...Nf6 3 g3 and 2...Nf6 3 Bf4} Qe7 (8... cxd4 9. exd4 Ne7 10. Bd3 Ng6 11. O-O Bxg3 12. fxg3 b5 13. Qe2 Qb6 14. Ng5 b4 15. Ndf3 h6 {½-½ (34) Naroditsky,D (2616)-Mamedyarov,S (2817) chess.com INT 2019}) 9. Bxc6 bxc6 10. Qa4 {The position is equal.} Bxg3 11. hxg3 cxd4 12. cxd4 Rb8 13. Qc2 $146 ({Predecessor:} 13. Nb3 Rb6 14. O-O Ra6 15. Na5 c5 16. dxc5 Qxc5 {½-½ (38) Aleksandrov,A (2580)-Najer,E (2707) Tbilisi 2017}) 13... g6 14. O-O Ba6 15. Rfc1 Rfc8 16. Ne5 Qd6 17. Qc3 Ne4 (17... Rb6 $142) 18. Nxe4 $16 dxe4 19. Qa5 ({Don't blunder} 19. Nxc6 $2 Rb6 $19) 19... Rb6 20. Ng4 f5 21. Ne5 Qe7 (21... c5 $16 {is a better defense.}) 22. b3 Bb5 (22... Qb4 {might work better.} 23. Qxb4 Rxb4 24. Nxc6 Rb7) 23. Rc5 $18 Qb7 24. Rac1 Ba6 25. Qc3 Bb5 26. Qa5 Ba6 $1 27. Qd2 Bb5 28. R1c3 a5 29. Qc2 a4 30. bxa4 Bd3 31. Nxd3 exd3 32. Qxd3 ({Don't take} 32. Rxd3 Rb1+ 33. Rd1 Rb2 $18) 32... Rb1+ 33. Rc1 Rb8 34. a5 Rxc1+ 35. Rxc1 Qb2 $2 {[#]} (35... Qb5 36. Qa3 Qb4 37. Qxb4 Rxb4 38. Rxc6 Ra4) 36. Qc4 {[%mdl 32832] Double Attack. Accuracy: White = 76%, Black = 37%. . An unexpected result.} 1/2-1/2

[Event "IV Jugando con las Estrellas 2019"]
[Site "Santa Cruz de la Palma"]
[Date "2019.08.12"]
[Round "5.1"]
[White "Bressac, Stephane"]
[Black "Kurajica, Bojan"]
[Result "0-1"]
[WhiteElo "2348"]
[BlackElo "2494"]
[Annotator "ChessBase"]
[PlyCount "56"]
[EventDate "2019.08.09"]
[EventType "swiss"]
[EventCountry "ESP"]
[SourceTitle "playchess.com"]
[Source "ChessBase"]
[SourceQuality "1"]
[TimeControl "5400+30"]

1. e4 {[%emt 0:00:03]} c5 {[%emt 0:00:00]} 2. Nf3 {[%emt 0:00:08]} Nc6 {[%emt 0:00:00]} 3. Bb5 {[%emt 0:00:04]} e6 {[%emt 0:00:00]} 4. O-O {[%emt 0:00:49]} Nge7 {[%emt 0:00:08]} 5. d4 {[%emt 0:00:37]} cxd4 {[%emt 0:00:07]} 6. Nxd4 {[%emt 0:00:04]} Ng6 {[%emt 0:00:14]} 7. Be3 {[%emt 0:00:34]} Be7 {[%emt 0:02:36]} 8. Be2 {[%emt 0:00:21]} O-O {[%emt 0:01:08]} 9. c4 {[%emt 0:00:13]} b6 {[%emt 0:01:22]} 10. Nc3 {[%emt 0:00:06]} Bb7 {[%emt 0:00:06]} 11. Nb3 {[%emt 0:00:35]} f5 {[%emt 0:16:05]} 12. exf5 {[%emt 0:00:12]} Rxf5 {[%emt 0:00:04]} 13. f4 {[%emt 0:00:05]} Rf7 {[%emt 0:00:10]} 14. g3 {[%emt 0:00:07]} Bf8 {[%emt 0:03:25]} 15. Ne4 {[%emt 0:04:30]} d5 {[%emt 0:01:25]} 16. Ng5 {[%emt 0:00:52]} Rf6 {[%emt 0:00:11]} 17. cxd5 {[%emt 0:04:52]} exd5 {[%emt 0:00:43]} 18. Bd3 {[%emt 0:04:22]} h6 {[%emt 0:02:29]} 19. Nf3 {[%emt 0:11:50]} Qe8 {[%emt 0:00:19]} 20. Bd2 {[%emt 0:01:25]} Bd6 {[%emt 0:05:33]} 21. Re1 {[%emt 0:01:00]} Qf7 {[%emt 0:02:14]} 22. Bc3 {[%emt 0:05:16]} d4 {[%emt 0:00:18]} 23. Qe2 {[%emt 0:02:32]} Kh8 {[%emt 0:06:51]} 24. Bc4 {[%emt 0:01:57]} Nxf4 {[%emt 0:00:48]} 25. gxf4 {[%emt 0:09:22]} Qg6+ {[%emt 0:00:15]} 26. Kh1 {[%emt 0:00:51]} dxc3 {[%emt 0:01:01]} 27. Bd3 {[%emt 0:00:04]} Qh5 {[%emt 0:07:28]} 28. Qe4 {[%emt 0:01:29]} g6 {[%emt 0:00:10]} 0-1

[Event "IV Jugando con las Estrellas 2019"]
[Site "Santa Cruz de la Palma"]
[Date "2019.08.12"]
[Round "5.2"]
[White "Barbot, Pierre"]
[Black "Pile, Richard"]
[Result "1/2-1/2"]
[WhiteElo "2441"]
[BlackElo "2416"]
[Annotator "TA"]
[PlyCount "47"]
[EventDate "2019.08.09"]
[EventType "swiss"]
[EventCountry "ESP"]
[SourceTitle "playchess.com"]
[Source "ChessBase"]
[SourceQuality "1"]

{[%evp 12,47,16,6,6,6,6,4,6,0,13,-16,-7,-14,31,11,21,12,27,-6,0,-15,0,0,-3,-9,0,0,0,0,0,0,0,-23,0,0,0,0]} 1. d4 Nf6 2. c4 e6 3. Nf3 b6 4. g3 Ba6 5. Qb3 Nc6 6. Nbd2 Na5 7. Qa4 {[#] And now b4 would win.} Bb7 {E15: Queen's Indian: 4 g3 sidelines, 4 g3 Ba6 and 4 g3 Bb7 early deviations} 8. Bg2 c5 (8... Rc8 9. c5 Nc6 10. Ne5 Nd5 11. Nd3 a5 12. O-O Ba6 13. Ne4 b5 14. Qd1 Nxd4 15. Nf4 Nxf4 16. Bxf4 {0-1 (32) Sargissian,G (2673)-Harikrishna,P (2740) Linares 2015}) 9. dxc5 bxc5 10. O-O Be7 11. Ne5 Bxg2 12. Kxg2 Qb6 13. Ndf3 Qb4 14. Qc2 Qb7 15. Rd1 {[#]} Nc6 $146 16. Kg1 (16. Nxc6 {seems wilder.} Qxc6 17. Kg1 O-O 18. Bg5 d6 19. Rd3) 16... d6 17. Nxc6 Qxc6 18. Bg5 O-O 19. Rd3 h6 20. Bxf6 Bxf6 21. Rad1 Rfd8 22. Nd2 d5 23. cxd5 exd5 24. e4 {Accuracy: White = 56%, Black = 51%.} 1/2-1/2

[Event "IV Jugando con las Estrellas 2019"]
[Site "Santa Cruz de la Palma"]
[Date "2019.08.12"]
[Round "5.3"]
[White "Roeder, Matthias"]
[Black "Alonso Bouza, Julio Javier"]
[Result "1/2-1/2"]
[WhiteElo "2373"]
[BlackElo "2395"]
[Annotator "TA"]
[PlyCount "77"]
[EventDate "2019.08.09"]
[EventType "swiss"]
[EventCountry "ESP"]
[SourceTitle "playchess.com"]
[Source "ChessBase"]
[SourceQuality "1"]

{[%evp 11,77,8,16,13,34,25,27,0,16,-15,35,26,37,17,32,31,30,23,42,0,-9,-22,-20,-19,-13,-73,-63,-70,-37,-51,-54,-93,-52,-50,-48,-90,-44,-50,-57,-54,-49,-50,-47,-48,-40,-56,-47,-54,-39,-82,-77,-68,-70,-67,-39,-30,-24,-45,-54,-53,-11,-51,-32,-72,197,204,156,131]} 1. Nf3 Nf6 2. g3 d5 3. Bg2 e6 4. O-O Be7 5. c4 O-O 6. d4 dxc4 7. Qa4 {E05: Open Catalan: 5 Nf3 Be7} (7. Qc2 a6 8. Qxc4 b5 9. Qc2 Bb7 10. Bd2 Be4 11. Qc1 c6 12. Rd1 Nbd7 13. Nc3 Bg6 14. a3 Rc8 15. b4 Nd5 16. Be1 Qc7 17. e3 h6 18. Qb2 N5b6 19. Qe2 {½-½ (31) Yu,Y (2751)-Giri,A (2797) Shenzhen 2019}) 7... Qd5 8. Nc3 {[%mdl 1024] White has compensation.} Qc6 9. Qa5 {White has an edge.} Rd8 $146 ({Predecessor:} 9... Qb6 10. Qa4 {½-½ (12) Colovic,A (2435)-David,A (2605) Rethymno 2012}) 10. Rd1 Na6 11. Ne5 Qe8 12. a3 c6 13. Nxc4 b6 14. Qe5 Nd5 15. Qe4 (15. Qh5 $14) 15... Bb7 $11 16. Qc2 c5 17. dxc5 Nxc5 {[%cal Ba6c5,Bc5e4,Be4f2][%mdl 32]} 18. Nxd5 (18. Be3 $1 $11 {keeps the balance.}) 18... Bxd5 $17 19. Bxd5 exd5 20. Ne5 Rac8 21. Bf4 Ne4 22. Qb3 Bc5 {[#] And now ...g5 would win.} 23. Rxd5 Nxf2 {Threatens to win with ...g5!} ({Much worse is} 23... Bxf2+ 24. Kf1 $15) 24. Kg2 Ne4 25. Rad1 {Hoping for Rxd8.} Rxd5 26. Qxd5 Nf6 27. Qf3 Qe6 28. Rd2 h6 {White must now prevent ...g5.} 29. h4 a5 30. e3 Bd6 31. Nd3 Ne4 32. Re2 b5 33. Bxd6 Nxd6 34. e4 Nc4 35. e5 Re8 36. Nf4 Nxe5 37. Qb7 {[#]} Qf5 $2 {[%mdl 8192]} (37... Qb3 $1 $17 {and life is bright.}) 38. Qxb5 $18 {[%mdl 64] Double Attack} Re7 39. Qd5 {Accuracy: White = 33%, Black = 46%.} 1/2-1/2

[Event "IV Jugando con las Estrellas 2019"]
[Site "Santa Cruz de la Palma"]
[Date "2019.08.12"]
[Round "5.4"]
[White "Pakleza, Zbigniew"]
[Black "Klimentov, Evgeny"]
[Result "1-0"]
[WhiteElo "2506"]
[BlackElo "2211"]
[Annotator "TA"]
[PlyCount "225"]
[EventDate "2019.08.09"]
[EventType "swiss"]
[EventCountry "ESP"]
[SourceTitle "playchess.com"]
[Source "ChessBase"]
[SourceQuality "1"]

{[%evp 21,225,0,0,-8,-15,-28,-6,-22,-13,-12,-13,-24,-17,-31,-15,-22,-28,-20,-14,-14,0,0,0,0,0,0,0,0,0,0,0,0,0,0,0,0,0,0,0,0,0,0,0,0,0,0,14,0,8,8,8,8,8,8,8,8,8,0,8,0,8,8,8,0,23,8,50,54,286,278,435,426,424,366,701,740,1065,1052,992,407,393,378,345,330,293,0,8,8,8,8,8,8,8,8,8,8,68,68,68,0,0,0,0,0,41,0,0,0,0,0,39,40,44,47,51,98,58,58,112,112,112,112,112,112,112,112,112,112,112,112,112,104,65,78,112,112,112,87,112,112,112,112,112,112,112,112,112,112,113,113,121,121,132,132,146,0,172,0,179,0,0,8,28,0,143,26,44,172,172,0,0,0,172,172,172,0,0,179,179,179,179,179,179,179,179,179,179,179,179,179,181,0,0,0,0,0,0,0,297,297,297,297,297,297,29988,29989]} 1. d4 Nf6 2. c4 e6 3. Nf3 b6 4. e3 Bb7 5. Bd3 Be7 6. Nc3 c5 7. O-O cxd4 8. exd4 d5 9. Bg5 dxc4 10. Bxc4 O-O 11. Qe2 Nc6 12. Rfd1 {E12: Queen's Indian: Unusual White 4th moves, 4 a3, 4 Nc3 Bb7 5 a3 and 4 Nc3 Bb7} (12. Rad1 Na5 13. Bd3 Nd5 14. Bd2 Nb4 15. Bb1 g6 16. Rfe1 Rc8 17. Bh6 Re8 18. a3 Nd5 19. Ne4 Nc4 20. Bd3 {1-0 (44) Kamsky,G (2695)-Kortschnoj,V (2615) Monte Carlo 1994}) 12... Nb4 13. Ne5 Nfd5 14. Bd2 {The position is equal.} Bg5 $146 ({Predecessor:} 14... Nxc3 15. bxc3 Nd5 16. Bd3 Bf6 17. Qe4 g6 18. c4 Ne7 19. Qxb7 Qxd4 20. Nd7 {1-0 (20) Rodriguez Gonzales,J-Roux Cabral,F Havana 1966}) 15. Ne4 Bxd2 16. Qxd2 Nc6 17. Rac1 Rc8 18. Bb5 {[%cal Re5c6]} Nde7 19. Nxc6 Bxc6 20. Bxc6 Rxc6 21. Rxc6 Nxc6 22. d5 Qxd5 23. Qxd5 exd5 24. Rxd5 Rd8 25. Rxd8+ Nxd8 $11 {[%mdl 4096] Endgame KN-KN} 26. Kf1 Kf8 27. Ke2 Nc6 28. a4 Ke7 29. Kd3 f5 30. Ng5 h6 31. Nf3 Kd6 32. Kc4 a6 33. b4 Ne7 34. g3 g6 35. b5 axb5+ 36. Kxb5 Nd5 37. Nh4 Nc3+ $1 38. Kb4 Nd5+ 39. Kb5 Nc3+ $1 40. Kb4 Nd5+ 41. Kc4 Ne7 42. Kb5 Kc7 (42... g5 $5 {[%cal Rg5h4]}) 43. f4 Kb7 44. Nf3 Nc6 $2 (44... Nc8 $14) 45. Kc4 $1 $18 Ka6 (45... Ne7 $142 46. Kd4 Kc6) 46. Kd5 Nd8 47. Ne5 g5 $2 (47... h5 48. Kd6 (48. Nxg6 Ka5 $18) 48... Ka5) 48. h4 gxh4 49. gxh4 Nb7 50. Nd7 (50. Ke6 $142 Ka5 51. Kxf5) 50... Ka5 51. Ke5 Nc5 52. Nxc5 bxc5 53. Kxf5 $2 ({Only move:} 53. Kd5 $18 Kb4 54. a5 $1 {[%mdl 512]}) 53... Kxa4 {KPP-KPP} (53... c4 $5 54. Ke4 $8 Kxa4 $11) 54. Kg6 {With the idea f5.} c4 55. f5 c3 56. f6 c2 57. f7 c1=Q 58. f8=Q $11 {next Qe8+ is good for White. KQ-KQ} Qc4 (58... Qg1+ $11 59. Kh7 (59. Kxh6 Qe3+ 60. Kg6 Qe4+ {[%mdl 64] Double Attack} 61. Kg7 Qxh4 $11) 59... h5) 59. Qf6 $14 Qc1 60. h5 (60. Qa6+ $14 Kb4 61. Qf6) 60... Qe3 $11 61. Kh7 Ka3 62. Qxh6 Qe4+ 63. Qg6 Qe7+ 64. Kg8 Qd8+ 65. Kg7 Qe7+ 66. Qf7 Qe5+ $1 67. Kg8 Qg3+ $1 68. Qg7 $1 {[%cal Rg7g3]} Qb3+ 69. Kh8 $1 Qb8+ ({Black should play} 69... Qd5 $1 $14) 70. Kh7 $16 Qb1+ 71. Qg6 $1 {[%cal Rg6b1]} Qb7+ 72. Kh6 Qd5 73. Qg3+ Ka4 74. Qe3 Qg8 75. Qa7+ Kb4 76. Qg7 Qe6+ 77. Qg6 Qe7 78. Qf5 Ka3 79. Kg6 Qe8+ 80. Kg5 {Threatens to win with Qc5+.} Qe7+ 81. Kg4 Qg7+ 82. Kh3 Qc3+ 83. Kg2 $1 Qg7+ 84. Qg6 Qb7+ 85. Kh2 Qb2+ 86. Kh3 Qc1 87. Qd6+ Ka4 88. h6 (88. Qd4+ $16 Kb5 89. Qe5+ Ka4 90. Kg4 Qd1+ 91. Kg5) 88... Qf1+ $2 (88... Qe3+ $11 {and Black has nothing to worry.} 89. Kg4 Qe2+ 90. Kg5 Qg2+ 91. Kf6 Qf3+ 92. Ke7 Qe4+ 93. Qe6 Qb4+ 94. Kf6 Qb2+ 95. Qe5 Qb6+ 96. Kg5 Qd8+ 97. Kf5 Qf8+ 98. Qf6 Qc8+ 99. Qe6 Qc5+ 100. Kg6 Qg1+ 101. Kf7 Qh1 102. Qc4+ Ka5) 89. Kg4 $18 {Qf4+ would kill now.} Qe2+ $2 (89... Qg1+ $1 $11 90. Qg3 Qd1+ 91. Qf3 Qd7+ 92. Qf5 Qd1+ 93. Kh4 Qe1+ 94. Kh5 Qe8+ 95. Kg5 Qd8+ 96. Kg4 Qd1+ 97. Kh4 Qe1+ 98. Kh5 Qe8+ 99. Kg4 Qe2+ 100. Kg5 Qe7+ 101. Qf6 Qd7) 90. Kg5 $2 (90. Kf5 $1 $18) 90... Qg2+ $11 91. Kf6 Qf3+ 92. Kg7 {Hoping for Qd7+.} Qc3+ (92... Qb7+ $11 {remains equal.} 93. Kf6 Qf3+ 94. Ke7 Qe4+ 95. Qe6 Qb4+ 96. Kf6 Qf4+ 97. Kg6 Qg3+ 98. Kf7 Qc7+ 99. Kg6 Qg3+ 100. Kh5 Qh2+ 101. Kg5 Qd2+ 102. Kg6 Qg2+ 103. Kf6 Qb2+ 104. Qe5 Qb6+ 105. Kg5 Qd8+ 106. Kf5 Qc8+ 107. Qe6 Qc7) 93. Qf6 (93. Kg6 $1 $16 {Qd7+ is the strong threat.} Qc2+ 94. Kf6) 93... Qg3+ 94. Kf7 Qc7+ 95. Qe7 $2 ({White must play} 95. Kg6 $18 {Strongly threatening h7.} Qg3+ 96. Qg5 Qd6+ 97. Kh5) 95... Qc4+ 96. Qe6 Qf4+ $2 (96... Qc7+ $1 $11 97. Ke8 Qb8+ 98. Ke7 Qb4+ 99. Kf7 Qb7+ 100. Kg6 Qg2+ 101. Kf6 Qb2+ 102. Qe5 Qb6+ 103. Kg5 Qd8+ 104. Kf5 Qf8+ 105. Qf6 Qc8+ 106. Qe6 Qc7 107. Qe4+ Kb3 108. Qd3+ Kb2) 97. Kg6 $18 Qg3+ 98. Kh5 {White wants to mate with Qg4+.} Qh2+ $1 99. Kg5 {And now Qe4+ would win.} Qd2+ 100. Kg6 Qg2+ 101. Kf7 $1 Qb7+ 102. Kf8 $1 {White threatens Qa2+ and mate.} Qb4+ {[#]} 103. Ke8 $1 Qb8+ 104. Ke7 Qb4+ {[#]} 105. Qd6 $1 {[%cal Rd6b4] Intending Qxb4+ and mate.} Qe4+ 106. Qe6 $2 (106. Kd7 $18 {Threatening mate with Qc6+.} Qb7+ 107. Kd8 Qa8+ 108. Ke7) 106... Qb4+ $1 $11 107. Kf7 Qf4+ 108. Qf6 Qc4+ 109. Kg6 {aiming for Qa1+.} Qc2+ $2 {[%mdl 8192]} (109... Qe4+ $11 110. Qf5 Qe8+ 111. Kg5 Qd8+ 112. Kh5 Qe8+ 113. Kg5 Qe7+ 114. Qf6 Qd7 115. Qf4+ Kb3 116. Qf3+ Ka2) 110. Qf5 $18 Qg2+ 111. Kf6 Qc6+ 112. Kg5 {Black must now prevent h7.} Qg2+ $2 (112... Ka3 $18 113. Qd3+ Ka4) 113. Qg4+ {Accuracy: White = 62%, Black = 52%.} 1-0

[Event "IV Jugando con las Estrellas 2019"]
[Site "Santa Cruz de la Palma"]
[Date "2019.08.12"]
[Round "5.5"]
[White "Martin Hernandez, Ruben"]
[Black "Lemos, Damian"]
[Result "1/2-1/2"]
[WhiteElo "2184"]
[BlackElo "2487"]
[Annotator "TA"]
[PlyCount "85"]
[EventDate "2019.08.09"]
[EventType "swiss"]
[EventCountry "ESP"]
[SourceTitle "playchess.com"]
[Source "ChessBase"]
[SourceQuality "1"]

{[%evp 16,85,53,32,38,43,53,60,58,12,22,13,13,25,18,0,36,24,57,46,42,10,14,0,2,2,7,0,0,0,0,0,0,0,0,0,0,0,99,120,116,127,104,66,67,68,76,87,62,79,86,0,0,0,0,0,0,0,0,0,0,0,0,0,0,0,0,0,0,-58,0,0]} 1. e4 e5 2. Nf3 Nc6 3. Bb5 a6 4. Ba4 d6 5. O-O Bd7 6. c3 Nge7 7. d4 Ng6 8. Be3 Be7 9. Nbd2 h6 {C75: Ruy Lopez: Deferred Steinitz: 5 c3 Bd7 6 d4 without ...g6} (9... O-O 10. Re1 Kh8 11. Bc2 Bf6 12. Rc1 Qe7 13. h3 Rae8 14. a3 a5 15. d5 Nd8 16. b4 axb4 17. cxb4 c6 18. dxc6 bxc6 {1-0 (36) Hansen,E (2616)-Vavulin,M (2604) Jurmala 2017}) 10. Re1 Bg5 11. Nf1 Bxe3 {White is slightly better.} 12. fxe3 O-O 13. Ng3 b5 14. Bc2 Nh4 15. Rf1 $146 ({Predecessor:} 15. Nf5 Nxf3+ 16. Qxf3 Kh7 17. a4 {0-1 (38) Mateo,R (2420)-Abdelnabbi,I (2412) Bled 2002}) 15... g6 16. Rf2 Kg7 17. Qd3 Nxf3+ 18. Rxf3 Qg5 19. Raf1 {Hoping for Nf5+!} Bg4 20. R3f2 Na5 21. b4 Nc4 22. Bb3 $36 {[%mdl 2048] White is pushing.} Be6 23. d5 Bd7 24. Bxc4 bxc4 25. Qxc4 Bb5 26. Qxc7 {[%cal Rf2f7]} Qxe3 (26... Bxf1 $11 27. Nxf1 Qd8 28. Qxd8 Rfxd8) 27. c4 $16 ({Of course not} 27. Qxd6 $6 Bxf1 28. Qxe5+ f6 $11) 27... Rac8 28. Qxd6 Bxc4 29. Qxe5+ f6 $1 {[%cal Rf6e5]} 30. Qe7+ Rf7 $1 {[%cal Rf7e7]} 31. Qe6 $1 Bxf1 32. Qxc8 Bb5 33. Qe6 (33. a4 $16 Qe1+ 34. Nf1 Bxa4 35. Qxa6 Qxb4 36. Nd2) 33... Rc7 $11 {( -> ...Rc1+)} 34. Nh5+ gxh5 {[%cal Rc7c1]} 35. Qxf6+ Kh7 {[%cal Rc7c1]} 36. Qf5+ {[%mdl 64] [#] Double Attack} Kg8 {[%cal Rc7c1]} 37. Qf8+ Kh7 {[%cal Rc7c1]} 38. Qf5+ Kg8 {[%cal Rc7c1]} 39. Qf8+ Kh7 {[%cal Rc7c1] [#]} 40. Qf5+ Kg8 {[%cal Rc7c1]} 41. g3 Rg7 42. Kg2 (42. Qf8+ $11 Kh7 43. Qf5+ Kg8 44. Qf8+ Kh7 45. Qf5+ Kg8) 42... Bd3 (42... Bd7 $15 43. Qf4 Qd3) 43. Rf4 {Accuracy: White = 48%, Black = 70%.} 1/2-1/2

[Event "IV Jugando con las Estrellas 2019"]
[Site "Santa Cruz de la Palma"]
[Date "2019.08.12"]
[Round "5.6"]
[White "Guerra Arrocha, Daniel"]
[Black "Kolosowski, Mateusz"]
[Result "0-1"]
[WhiteElo "2129"]
[BlackElo "2458"]
[Annotator "TA"]
[PlyCount "113"]
[EventDate "2019.08.09"]
[EventType "swiss"]
[EventCountry "ESP"]
[SourceTitle "playchess.com"]
[Source "ChessBase"]
[SourceQuality "1"]

{[%evp 11,113,17,31,-44,-45,-45,6,-8,0,-3,-3,-33,-29,-23,-29,-45,-44,-59,-30,-33,-22,-26,-20,-36,-15,-12,-15,-16,-17,-18,-11,-18,-18,-18,-14,-20,-10,-15,-16,-31,-35,-81,-81,-81,-81,-81,-81,-81,-81,-81,-81,-81,-81,-81,-81,-81,-81,-81,-81,-81,-81,-105,-105,-193,-190,-193,-193,-179,-179,-185,-185,-185,-193,-1025,-1018,-935,-193,-193,0,-986,-952,-625,-541,-3770,-2293,-4341,-3818,-5586,-5049,-5165,-4618,-29970,-29972,-29972,-29973,-29974,-29975,-29974,-29975,-29973,-29967,-29988,-29989,-29989]} 1. e4 c5 2. Nf3 e6 3. b3 d6 4. Bb2 Nf6 5. e5 dxe5 6. Nxe5 Nbd7 7. Bd3 {B50: Sicilian: 2...d6, Miscellaneous} ({White should play} 7. f4 $14) (7. f4 Nd5 8. Qf3 Be7 9. Bd3 Nb4 10. Be4 Nf6 11. a3 Nxe4 12. axb4 Nf6 13. b5 O-O 14. O-O Nd5 {0-1 (82) Landa,K (2624)-Vallejo Pons,F (2686) Linares 2015}) 7... Nxe5 $15 8. Bxe5 Bd6 (8... Qd5 $15 9. Qe2 Qxg2) 9. Qe2 $146 {The position is equal.} ({Predecessor:} 9. Bxd6 Qxd6 10. O-O Bd7 11. Nc3 Bc6 12. Qe2 h5 13. Ne4 Bxe4 14. Bxe4 O-O-O {1-0 (28) Hajek,J (2042)-Skurniak,S (1702) Plzen 2017}) 9... Bxe5 10. Qxe5 Qd4 11. Bb5+ (11. Qxd4 {looks sharper.} cxd4 12. Na3 Bd7 13. O-O O-O 14. Nc4) 11... Ke7 12. Qxd4 cxd4 13. Na3 Rd8 14. O-O Nd5 15. Rfe1 a6 16. Bf1 b5 17. Rac1 Nb4 18. c3 dxc3 ({Much worse is} 18... Nxa2 $6 19. Ra1 $16) 19. dxc3 Nd3 20. Bxd3 $1 Rxd3 21. Red1 Rxd1+ 22. Rxd1 $11 {[%mdl 4096] Endgame KRB-KRN} e5 23. Re1 Kd6 24. c4 Bd7 25. b4 f6 26. Rd1+ Ke7 27. f3 bxc4 28. Nxc4 Be6 29. Ne3 Bxa2 30. Nf5+ Kf7 31. Nd6+ Kg6 32. Ra1 Rd8 33. Nb7 Rb8 34. Rxa2 {Strongly threatening Nd6.} Rxb7 35. Rxa6 Rxb4 $17 {KR-KR} 36. h3 h5 37. Kh2 {[#]} (37. g3 $17 {was called for.}) 37... Kg5 $1 $19 38. Ra7 g6 39. Re7 h4 40. Re6 {[#]} Rb1 $1 41. Re8 Re1 42. Re6 $2 (42. Ra8) 42... f5 43. Re7 Kf4 $2 (43... e4 {And now ...Kf6 would win.} 44. fxe4 fxe4) 44. Re6 Kg5 $2 (44... g5 45. Rf6 Re2) 45. Re7 $1 e4 46. fxe4 fxe4 47. Re6 Kf5 48. Re8 e3 49. Re7 Kf4 50. Re6 Ra1 51. Rf6+ Ke5 {Black mates.} 52. Rf8 Kd4 53. Rd8+ Kc3 54. Rc8+ Kd2 55. Rd8+ Ke1 56. g4 e2 57. Rd6 {Accuracy: White = 47%, Black = 75%.} 0-1

[Event "IV Jugando con las Estrellas 2019"]
[Site "Santa Cruz de la Palma"]
[Date "2019.08.12"]
[Round "5.7"]
[White "Planas Torrea, Francisco Javier"]
[Black "Minzer, Claudio Javier"]
[Result "0-1"]
[WhiteElo "2084"]
[BlackElo "2446"]
[Annotator "NA RC"]
[PlyCount "72"]
[EventDate "2019.08.09"]
[EventType "swiss"]
[EventCountry "ESP"]
[SourceTitle "playchess.com"]
[Source "ChessBase"]
[SourceQuality "1"]
[TimeControl "5400+30"]

1. e4 {[%emt 0:00:00]} c5 {[%emt 0:00:00]} 2. c3 {[%emt 0:00:04]} Nf6 {[%emt 0:00:26]} 3. e5 {[%emt 0:00:27]} Nd5 {[%emt 0:00:05]} 4. d4 {[%emt 0:00:24]} cxd4 {[%emt 0:00:05]} 5. Nf3 {[%emt 0:00:30]} e6 {[%emt 0:05:04]} 6. cxd4 {[%emt 0:00:29]} d6 {[%emt 0:00:14]} 7. Nc3 {[%emt 0:01:18]} Nxc3 {[%emt 0:04:07]} 8. bxc3 {[%emt 0:00:13]} Qc7 {[%emt 0:00:09]} 9. Qb3 {[%emt 0:04:10]} Nd7 {[%emt 0:02:24]} 10. Ba3 {[%emt 0:02:21]} dxe5 {[%emt 0:02:20]} 11. Bxf8 {[%emt 0:00:30]} Kxf8 {[%emt 0:01:12]} 12. Bd3 {[%emt 0:04:44]} g6 {[%emt 0:04:23]} 13. O-O {[%emt 0:02:00]} b6 {[%emt 0:05:21]} 14. Ng5 {[%emt 0:03:22]} Kg7 {[%emt 0:07:38]} 15. Qxe6 {[%emt 0:01:41]} Nc5 {[%emt 0:01:30]} 16. Qxf7+ {[%emt 0:03:32]} Qxf7 {[%emt 0:00:08]} 17. Nxf7 {[%emt 0:00:22]} Nxd3 {[%emt 0:00:26]} 18. Nxh8 {[%emt 0:00:31]} e4 {[%emt 0:05:29]} 19. Nxg6 {[%emt 0:05:55]} hxg6 {[%emt 0:00:11]} 20. a4 {[%emt 0:04:38]} Be6 {[%emt 0:01:22]} 21. Rfd1 {[%emt 0:11:15]} Bc4 {[%emt 0:02:03]} 22. Rd2 {[%emt 0:04:38]} Re8 {[%emt 0:01:43]} 23. g3 {[%emt 0:07:13]} Kf6 {[%emt 0:04:31]} 24. h4 {[%emt 0:02:41]} Kf5 {[%emt 0:02:03]} 25. Rc2 {[%emt 0:20:49]} Kg4 {[%emt 0:08:08]} 26. Rb1 {[%emt 0:14:42]} e3 {[%emt 0:06:02]} 27. fxe3 {[%emt 0:00:15]} Rxe3 {[%emt 0:00:08]} 28. Kh2 {[%emt 0:00:32]} Ne1 {[%emt 0:01:27]} 29. Rf2 {[%emt 0:02:02]} Nf3+ {[%emt 0:00:59]} 30. Kg2 {[%emt 0:00:39]} Bd5 {[%emt 0:03:27]} 31. Rb5 {[%emt 0:01:09]} Nxh4+ {[%emt 0:02:44]} 32. Kh2 {[%emt 0:00:11]} Nf3+ {[%emt 0:00:57]} 33. Kg2 {[%emt 0:00:01]} Be4 {[%emt 0:01:35]} 34. Rb4 {[%emt 0:01:00]} Ne1+ {[%emt 0:03:56]} 35. Kh2 {[%emt 0:00:12]} Rxg3 {[%emt 0:00:41]} 36. d5 {[%emt 0:00:37]} Rh3+ {[%emt 0:00:13]} 0-1

[Event "IV Jugando con las Estrellas 2019"]
[Site "Santa Cruz de la Palma"]
[Date "2019.08.12"]
[Round "5.8"]
[White "Alvarado Diaz, Alejandro"]
[Black "Ramirez Medina, Victor"]
[Result "1/2-1/2"]
[WhiteElo "2391"]
[BlackElo "2288"]
[Annotator "TA"]
[PlyCount "37"]
[EventDate "2019.08.09"]
[EventType "swiss"]
[EventCountry "ESP"]
[SourceTitle "playchess.com"]
[Source "ChessBase"]
[SourceQuality "1"]

{[%evp 18,23,0,-12,0,-17,0,0]} 1. Nf3 (1. d4 d5 2. c4 c6 3. Nc3 Nf6 4. cxd5 cxd5 5. Bf4 Bf5 6. e3 Nc6 {½-½ (11) Nikolic,P (2622)-Djukic,N (2534) Kragujevac 2016}) 1... c5 2. c3 Nf6 3. d4 cxd4 4. cxd4 d5 5. Nc3 Nc6 6. Bf4 Bf5 7. e3 e6 8. Bd3 Bxd3 9. Qxd3 Bd6 10. Bg3 {The position is equal.} O-O {D14: Slav Defence: Exchange variation with ...Bf5} 11. O-O a6 12. Rac1 {Predecessor:} Bxg3 $146 13. hxg3 Na5 14. Na4 Nc4 15. b3 Nd6 16. Rc2 Nfe4 17. Rfc1 Qa5 18. g4 h6 19. Ne5 {1-0 (56) Krivonos,N (2198)-Privalikhin,F (2159) Irkutsk 2014} 1/2-1/2